zpět

Detail výsledku týmu

Zelená Žába ÚT, Pardubice

Datum a čas kvízu

33.5 Celkem bodů Celkový počet nahraných bodů na tomto kvízu bez doplňovacích otázek.
5. Pořadí na kvízu Konečné umístění týmu na tomto kvízu.

Zaznamenané odpovědi

# Otázka Odpověď Body Výsledky
1. Minulý týden připravili pracov... D) šaliny 0
2. Konverzační robot umělé inteli... Adolfa Hitlera 1
3. Po několika týdnech dohadování... Rubicon 0
4. Nedávno jsme se zmiňovali o ak... moa, Nový Zéland 0
5. V pátek se v Monaku konal dalš... skok vysoký 1
6. Tento snímek pochází z národní... Žofínský prales 1
7. Rejvíz je národní přírodní rez... A) Jeseníků 1
8. Chráněná krajinná oblast Pálav... Pavlovské vrchy, Nové Mlýny (Novomlýnská nádrž) 0.5
9. Nyní se podíváme na nejhlubší... Hranická 1
10. Nesmíme opomenout Národní park... C) Kamenice 1